| 000 | 00728nam a22001937a 4500 | ||
|---|---|---|---|
| 005 | 20220920114004.0 | ||
| 008 | 220920b fr ||||| |||| 00| 0 fre d | ||
| 020 | _a2903384002 v.1 | ||
| 020 | _a07519354 (pour la collection) | ||
| 050 | 0 | 4 |
_aBL1138.64 _bB53 1985 |
| 245 | 0 | 3 |
_aLa Bhagavad-Gita : telle qu’elle est / _ctraduction litteraire et explications élaborées par A. C. Bhaktivedanta Swami Prabhupada |
| 250 | _a7a ed. | ||
| 260 |
_aParis : _bBhaktivedanta, _c1985 |
||
| 300 |
_av. : _bils. ; _c21 cm |
||
| 490 | 0 |
_aLes Grands Classiques de L´Inde _vV.1 |
|
| 600 | 1 |
_aBhaktivedanta Swami Prabhupada, _d1896-1977 _xBhagavadgita |
|
| 700 | 1 |
_aBhaktivedanta Swami Prabhupada, _d1896-1977 _etr. |
|
| 942 |
_2lcc _cLIB |
||
| 999 |
_c164274 _d164272 |
||